Setting the time

Bibliographic Details
Main Author: Kumara Velu
Corporate Author: Title
Format: Book
Published: Selangor : Pustaka Emas , 2006
Series:Fun time with notes
Subjects:

MARC

LEADER 00000cam a2200000 7i4500
001 0000006322
005 20220105104021.0
008 070816
020 |a 9839210599(set) 
020 |a 983921067X 
090 0 0 |a JP   |b MTH ENG (4972) 
100 0 |a Kumara Velu 
245 1 0 |a Setting the time   |c Kumara Velu 
260 |a Selangor :   |b Pustaka Emas ,   |c 2006 
440 |a Fun time with notes 
500 |a Children age 4-6 years old (yellow) 
650 0 |a Arithmetic   |x Juvenile 
650 0 |a Counting   |x Juvenile literature 
710 0 |a Title 
999 |a 0000114355   |b Book   |c Children Collection   |e Cawangan Bukit Gambir 
999 |a 0000984571   |b Book   |c Children Collection   |e Perbadanan Perpustakaan Awam Johor 
999 |a 0000984572   |b Book   |c Children Collection   |e Perbadanan Perpustakaan Awam Johor 
999 |a 0000984573   |b Book   |c Children Collection   |e Cawangan Kota Tinggi 
999 |a 0000984574   |b Book   |c Children Collection   |e Cawangan Mersing 
999 |a 0000984575   |b Book   |c Children Collection   |e Perbadanan Perpustakaan Awam Johor 
999 |a 0001143550   |b Book   |c Children Collection   |e Cawangan Pontian 
999 |a 0001143551   |b Book   |c Children Collection   |e Cawangan Tmn. Ungku Tun Aminah 
999 |a 0001143552   |b Book   |c Children Collection   |e Cawangan Bandar Penawar 
999 |a 0001143553   |b Book   |c Children Collection   |e Cawangan Tangkak 
999 |a 0001143554   |b Book   |c Children Collection   |e Cawangan Bukit Gambir 
999 |a 0001143558   |b Book   |c Children Collection   |e Cawangan Batu Pahat